00401nam a2200157Ia 45000010006000000050017000060080041000230410008000640820017000721000031000892450070001202600009001903000028001996500008002276540008002351596220260306170234.0260306t2019||||xx |||||||||||||| ||und|| aESP a620.86bH39I aHenao Osorio, Sergio,eAUT 0aISO 45001 :b2018 Herramientas para la implementación del SGSST c2019 a150 páginas :c21 cm. aGEN aCII